000 00336nam a2200133Ia 4500
008 190216s9999||||xx |||||||||||||| ||und||
100 _aSvehla.G
245 0 _aTextbook Of Macro And Semimicro Qualitative Inorganic Analysis
250 _a5th Ed.
260 _bNull
_c1985
300 _a605
650 _aChemistry-Chemistry
942 _cBK
999 _c2591
_d2591